000
00315nam a2200109Ia 4500
008
171211s9999 xx 000 0 und d
245
4
_a
The Cool and the Crazy: Pop Fifties Cinema
245
_c
Professor Peter Stanfield
260
_c
2015
650
_x
cinema
856
_u
http://down.ebook777.com/064/0813572983.pdf
999
_c
348726
_d
348726